| 000 | 03261nam a2200301 i 4500 | ||
|---|---|---|---|
| 001 | 77194 | ||
| 003 | ES-MaACL | ||
| 005 | 20250825002645.0 | ||
| 007 | t| | ||
| 008 | 041007m18981920sp ||||1| spa d | ||
| 080 | _a002(04) | ||
| 080 | _a655.5(04) | ||
| 100 | 1 |
_aGutiérrez Jiménez, Rafael. _9127658 |
|
| 245 | 1 | 0 |
_aColección de documentos referentes á la Asociación para propagar y fomentar grandes bibliotecas populares en España y América ...que han servido de base para la fundación de Ambos Mundos _b: sociedad anónima de exportación e importación de librería e industria editorial, fundada sobre la base de una confederación científico-literaria de todos los países de habla castellana / _cproyectos originales de Rafael Gutiérrez Jiménez. |
| 246 | 3 | 0 | _aLiga Hispano-Americana de Instrucción Popular y Propaganda Comercial |
| 246 | 3 | 0 | _aInstituto Hispano-Americano de Artes Gráficas |
| 260 |
_aBilbao : _bImp. de Ambos Mundos, _c1898-1920. |
||
| 300 |
_a1 v. (pag. var.) ; _c21 cm. |
||
| 505 | 8 |
_aContiene: ; _tAsociación para propagar y fomentar las bibliotecas populares en España y en las naciones donde se habla ...castellano : estatutos, 1899 (16 p.) ; _tPrograma y estatutos de la Asociación para propagar y fomentar grandes bibliotecas populares en España y las repúblicas ... / _rpor Rafael Gutiérrez Jiménez ; Programa y estatutos de la Compañia Editorial de Bibliotecas, 1901(64 p.). -- _tLiga Hispano-Americana de Instrucción Popular : asociación para fundar centros de cultura intelectual dotados de grandes bibliotecas populares en España y las naciones de América que hablan ...castellano : programa y estatutos, 1902 (54 p.) ; _tLiga Hispano-Americana de Instrucción Popular : asociación ...cultura intelectual ó de segunda enseñanza popular ... : estatutos y programa, [1902?] . - (Cuaderno ; 1) (52 p.) ; _tPrograma de la Cámara de Castilla : órgano central directivo de la Liga Hispano-Americana de Instrucción Popular, [1902?] .- (Cuaderno ; 2) (48 p.) ; _tBibliotecas populares de la Liga Hispano-Americana de Instrucción Popular : programa / _rInstituto Hispano-Americano de Artes Gráficas, [s.a.] (64 p.). -- _tEstatutos de la Liga Hispano-Americana de Instrucción Popular, 1902 (8 p.) ; _tEstatutos del Instituto Hispano-Americano de Artes Gráficas : ...editorial anónima : fundada ...para abastecer de libros las bibliotecas populares de la Liga de Instrucción Popular, [s.a.] (8 p.) ; _tAmbos Mundos : sociedad anónima ...editorial, fundada sobre la base de una confederación científico-literaria de ...países de habla castellana, 1919 (16, 4 p.) ; _tAmbos Mundos : bibliotecas mercantiles, 1920 (24 p.) ; _tAmbos Mundos : bibliotecas católicas, 1920 (23 p.) ; _tEstatutos de la Compañía Anónima Mercantil e Industrial Ambos Mundos, 1920 (14 p.) |
|
| 610 | 2 | 4 |
_aLiga Hispano-Americana de Instrucción Popular. _9146041 |
| 610 | 2 | 4 |
_aInstituto Hispano-Americano de Artes Gráficas. _9146042 |
| 610 | 2 | 4 |
_aAmbos Mundos. _9146043 |
| 650 | 4 |
_aBibliotecas- _xAdministración. _910530 |
|
| 650 | 0 | 4 |
_aBibliotecas públicas- _zEspaña- _vHistoria. _910552 |
| 650 | 7 |
_aLibros- _xComercio _2 _9146044 |
|
| 852 |
_aES-MaACL _jF-1527 _z. - Hol. azul |
||
| 999 |
_c77194 _d77194 |
||